000 00752cam a22002537a 4500
003 CHAP
005 20220329133558.0
008 971013s1992 r 00010 d
010 _a8127
011 _a9099
035 _a8333
040 _cCHAP
082 _a632.94
_bH3 1992-93
100 0 0 _aHarvey, Lori Thomson.
_952997
245 1 2 _aA guide to agricultural spray adjuvants usted in the United States
260 _aFresno, Ca. :
_bThomson Publications,
_c1992
300 _a244 p.
590 _aBATCH-UPD
_b10
_c20130110
_lUCH01
_h2312
590 _aCONVERSION
_b10
_c20130109
_lUCH01
_h1306
650 1 4 _aAerosoles.
_91017
901 _aBK
942 _cLIBRO
949 _a632.94 H3 1992-93
_bBC
_cC
_d33724000120895
_eC
_gI.c/e
_h85462
_i8333
_si
_t62.71
999 _c8127
_d8127